[Event "Rockville Razuvaev Memorial"]
[Site "Rockville"]
[Date "2013.08.10"]
[Round "3"]
[White "Zatonskih, Anna"]
[Black "Tukmakov, Vladimir B"]
[Result "1/2-1/2"]
[WhiteElo "2473"]
[BlackElo "2545"]
[PlyCount "58"]
[EventDate "2013.08.08"]
[EventType "schev"]
[EventRounds "4"]
[EventCountry "USA"]
[SourceTitle "CBM 155 Extra"]
[Source "ChessBase"]
[SourceDate "2013.08.26"]
[SourceVersion "1"]
[SourceVersionDate "2013.08.26"]
[SourceQuality "1"]
[WhiteTeam "Women"]
[BlackTeam "Friends of Razuvaev"]
[WhiteTeamCountry "USA"]
[BlackTeamCountry "USA"]

1. d4 Nf6 2. c4 g6 3. Nf3 Bg7 4. g3 c5 5. Bg2 Qa5+ 6. Qd2 Nc6 7. Qxa5 Nxa5 8. Na3 cxd4 9. Nxd4 Nc6 10. Nac2 b6 11. Nxc6 Bb7 12. N2b4 dxc6 13. Bxc6+ Bxc6 14. Nxc6 Rc8 15. Nxa7 Rxc4 16. 0-0 Nd5 17. Rd1 e6 18. a4 0-0 19. a5 bxa5 20. Rxa5 f5 21. Ra6 Ra8 22. Rc6 Rxc6 23. Nxc6 Ra1 24. Kg2 Bf6 25. Nb8 Rb1 26. Rf1 Kf7 27. Nc6 Bxb2 28. Bd2 Rxf1 29. Kxf1 Ke8 1/2-1/2

[Event "Rockville Razuvaev Memorial"]
[Site "Rockville"]
[Date "2013.08.09"]
[Round "2"]
[White "Krush, Irina"]
[Black "Tukmakov, Vladimir B"]
[Result "1-0"]
[WhiteElo "2489"]
[BlackElo "2545"]
[PlyCount "117"]
[EventDate "2013.08.08"]
[EventType "schev"]
[EventRounds "4"]
[EventCountry "USA"]
[SourceTitle "CBM 155 Extra"]
[Source "ChessBase"]
[SourceDate "2013.08.26"]
[SourceVersion "1"]
[SourceVersionDate "2013.08.26"]
[SourceQuality "1"]
[WhiteTeam "Women"]
[BlackTeam "Friends of Razuvaev"]
[WhiteTeamCountry "USA"]
[BlackTeamCountry "USA"]

1. c4 e5 2. Nc3 Nf6 3. g3 d5 4. cxd5 Nxd5 5. Bg2 Nb6 6. Nf3 Nc6 7. 0-0 Be7 8. a3 Be6 9. d3 0-0 10. Be3 Nd5 11. Nxd5 Bxd5 12. Qa4 f6 13. Rac1 Rf7 14. Rc3 Bf8 15. Rfc1 a6 16. Qc2 Qd7 17. Nd2 Bxg2 18. Kxg2 Qd5+ 19. f3 Bd6 20. Qb3 Qxb3 21. Rxb3 Nd8 22. f4 exf4 23. gxf4 Re7 24. Kf3 c6 25. Ne4 Nf7 26. Bc5 Bxc5 27. Rxc5 Rd8 28. h4 Nd6 29. Nxd6 Rxd6 30. h5 Kf7 31. e4 Ke8 32. Ke3 Kd8 33. h6 g6 34. Rc1 Kc7 35. Rbc3 f5 36. e5 g5 37. fxg5 Rxe5+ 38. Kf4 Rb5 39. Rc5 Rxb2 40. R1c2 Rb1 41. Rf2 Rg1 42. Rxf5 Rxd3 43. Rf7+ Rd7 44. Rg7 Kd8 45. Kf5 c5 46. Ke6 Re1+ 47. Kf6 c4 48. g6 Rd6+ 49. Kf7 Rxg6 50. Rxg6 Re7+ 51. Kf6 hxg6 52. Rh2 Kd7 53. h7 Re8 54. h8Q Rxh8 55. Rxh8 Kd6 56. Rd8+ Kc5 57. Ke5 b5 58. Rc8+ Kb6 59. Kd4 1-0

[Event "Stockholm Seniors op"]
[Site "Stockholm"]
[Date "2013.05.09"]
[Round "2"]
[White "Tukmakov, Vladimir B"]
[Black "Gromark, Per Olof"]
[Result "1-0"]
[WhiteElo "2547"]
[BlackElo "2099"]
[PlyCount "49"]
[EventDate "2013.05.09"]
[EventType "swiss"]
[EventRounds "8"]
[EventCountry "SWE"]
[SourceTitle "CBM 154 Extra"]
[Source "ChessBase"]
[SourceDate "2013.06.25"]
[SourceVersion "2"]
[SourceVersionDate "2013.06.25"]
[SourceQuality "1"]

1. Nf3 Nf6 2. c4 g6 3. Nc3 d5 4. cxd5 Nxd5 5. Qb3 Nxc3 6. Qxc3 Rg8 7. d4 Bg7 8. Bf4 c6 9. e3 Nd7 10. e4 Nf6 11. Bd3 Bg4 12. Ne5 Be6 13. h3 Qb6 14. 0-0 Nd7 15. Be3 Nxe5 16. dxe5 Qc7 17. f4 0-0-0 18. Bxa7 f6 19. exf6 exf6 20. Rad1 f5 21. e5 g5 22. Bc4 Bxc4 23. Qxc4 b6 24. Qa6+ Qb7 25. Qxb6 1-0

[Event "Stockholm Seniors op"]
[Site "Stockholm"]
[Date "2013.05.09"]
[Round "3"]
[White "Vul, Arkadi Eremeevich"]
[Black "Tukmakov, Vladimir B"]
[Result "1-0"]
[WhiteElo "2314"]
[BlackElo "2547"]
[PlyCount "79"]
[EventDate "2013.05.09"]
[EventType "swiss"]
[EventRounds "8"]
[EventCountry "SWE"]
[SourceTitle "CBM 154 Extra"]
[Source "ChessBase"]
[SourceDate "2013.06.25"]
[SourceVersion "2"]
[SourceVersionDate "2013.06.25"]
[SourceQuality "1"]

1. Nf3 Nf6 2. c4 c5 3. Nc3 Nc6 4. d4 cxd4 5. Nxd4 e6 6. Ndb5 d6 7. Bf4 e5 8. Bg5 a6 9. Na3 Be6 10. g3 Qb6 11. Na4 Qa5+ 12. Bd2 Qd8 13. Nc3 d5 14. cxd5 Nxd5 15. Bg2 Be7 16. 0-0 0-0 17. Nc2 Nb6 18. b3 Qc8 19. Be3 Rd8 20. Qc1 Nd4 21. Bxd4 exd4 22. Ne4 d3 23. exd3 Rxd3 24. Rd1 Qd7 25. Rxd3 Qxd3 26. Qd1 Qxd1+ 27. Rxd1 f5 28. Nd2 Rd8 29. Ne3 Bc8 30. Ndc4 Rxd1+ 31. Nxd1 Nxc4 32. Bd5+ Kf8 33. Bxc4 Bc5 34. Kf1 Ke7 35. Ke2 Kd6 36. Ne3 b5 37. Bg8 h6 38. f4 g5 39. Bh7 Ke6 40. Bxf5+ 1-0

[Event "Odessa ACP Qual"]
[Site "Odessa"]
[Date "2010.04.29"]
[Round "3.1"]
[White "Golubev, Mikhail"]
[Black "Tukmakov, Vladimir B"]
[Result "0-1"]
[WhiteElo "2492"]
[BlackElo "2547"]
[PlyCount "78"]
[EventDate "2010.04.27"]
[EventType "k.o. (rapid)"]
[EventRounds "4"]
[EventCountry "UKR"]
[SourceTitle "CBM 136 Extra"]
[Source "ChessBase"]
[SourceDate "2010.07.02"]
[SourceVersion "2"]
[SourceVersionDate "2010.07.15"]
[SourceQuality "1"]

1. e4 c6 2. d4 d5 3. Nc3 dxe4 4. Nxe4 Bf5 5. Nc5 b6 6. Nb3 e6 7. Bd3 Bxd3 8. Qxd3 Nf6 9. Nf3 Nbd7 10. 0-0 Bd6 11. Bg5 Qc7 12. Nbd2 0-0 13. Ne4 Nxe4 14. Qxe4 c5 15. Rad1 c4 16. d5 e5 17. Qh4 Rae8 18. Rfe1 f5 19. Bd2 h6 20. Qh3 Nc5 21. Bb4 a5 22. Bxc5 Bxc5 23. Nh4 e4 24. d6 Qf7 25. g3 Rd8 26. Ng2 Bxd6 27. Nf4 Bc5 28. Qh4 Rxd1 29. Rxd1 g5 30. Qxh6 gxf4 31. Qxf4 Qf6 32. Rd5 Kg7 33. h4 Rf7 34. h5 Kh7 35. c3 Qh6 36. Qe5 e3 37. f4 Qg7 38. Qxg7+ Rxg7 39. Kg2 Re7 0-1

[Event "Aegean op 32nd"]
[Site "Aghios Kirykos"]
[Date "2009.07.16"]
[Round "6"]
[White "Manakova, Maria"]
[Black "Tukmakov, Vladimir B"]
[Result "0-1"]
[WhiteElo "2346"]
[BlackElo "2549"]
[PlyCount "78"]
[EventDate "2009.07.11"]
[EventType "swiss"]
[EventRounds "9"]
[EventCountry "GRE"]
[SourceTitle "CBM 131 Extra"]
[Source "ChessBase"]
[SourceDate "2009.09.03"]
[SourceVersion "2"]
[SourceVersionDate "2009.09.16"]
[SourceQuality "1"]

1. e4 c5 2. Nf3 d6 3. d4 cxd4 4. Nxd4 Nf6 5. Nc3 Nc6 6. Be2 e6 7. 0-0 Be7 8. Be3 0-0 9. f4 a6 10. a4 Qc7 11. Kh1 Re8 12. Bf3 Na5 13. Qe1 Nc4 14. Bc1 e5 15. Nde2 Bd7 16. Qf2 b5 17. b3 b4 18. Nd5 Nxd5 19. exd5 e4 20. Bh5 Bf6 21. Ra2 Nb6 22. Rd1 g6 23. Qg3 Bg7 24. a5 Nc8 25. f5 Bxf5 26. Nd4 Ne7 27. Be2 Bd7 28. Nc6 Nf5 29. Qe1 Bxc6 30. dxc6 Bc3 31. Bd2 Qxc6 32. Bc4 Ne7 33. Qf2 d5 34. Rf1 dxc4 35. Qxf7+ Kh8 36. Bxc3+ bxc3 37. Raa1 cxb3 38. Qxb3 Nf5 39. Ra4 Rab8 0-1

[Event "Odessa Pivdenny Bank"]
[Site "Odessa"]
[Date "2007.07.06"]
[Round "9"]
[White "Ivanchuk, Vassily"]
[Black "Tukmakov, Vladimir B"]
[Result "1-0"]
[WhiteElo "2729"]
[BlackElo "2551"]
[PlyCount "75"]
[EventDate "2007.07.04"]
[EventType "tourn (rapid)"]
[EventRounds "9"]
[EventCountry "UKR"]
[EventCategory "17"]
[SourceTitle "CBM 119"]
[Source "ChessBase"]
[SourceDate "2007.08.01"]
[SourceVersion "1"]
[SourceVersionDate "2007.08.01"]
[SourceQuality "1"]

1. e4 d6 2. d4 Nf6 3. Nc3 e5 4. Nf3 Nbd7 5. Bc4 Be7 6. 0-0 0-0 7. a4 c6 8. Ba2 b6 9. Qe2 Qc7 10. Rd1 Bb7 11. Nh4 exd4 12. Rxd4 g6 13. Bg5 Rfe8 14. Rad1 a6 15. Qf3 Ne5 16. Qf4 Nh5 17. Qc1 Bf8 18. f4 Nd7 19. b4 Kg7 20. f5 Ne5 21. Bh6+ Kh8 22. Bxf8 Rxf8 23. Rxd6 Rad8 24. Qd2 Rxd6 25. Qxd6 Qxd6 26. Rxd6 Kg7 27. fxg6 hxg6 28. Nf3 Ng4 29. Bb3 Nf4 30. g3 Nh5 31. Rd7 Bc8 32. Rc7 Nhf6 33. Rxc6 Bb7 34. Rxb6 Bxe4 35. Nxe4 Nxe4 36. Rb7 Rd8 37. Rxf7+ Kh6 38. c4 1-0

[Event "Odessa Pivdenny Bank"]
[Site "Odessa"]
[Date "2007.07.04"]
[Round "2"]
[White "Kortschnoj, Viktor Lvovich"]
[Black "Tukmakov, Vladimir B"]
[Result "1/2-1/2"]
[WhiteElo "2623"]
[BlackElo "2551"]
[PlyCount "114"]
[EventDate "2007.07.04"]
[EventType "tourn (rapid)"]
[EventRounds "9"]
[EventCountry "UKR"]
[EventCategory "17"]
[SourceTitle "CBM 119"]
[Source "ChessBase"]
[SourceDate "2007.08.01"]
[SourceVersion "1"]
[SourceVersionDate "2007.08.01"]
[SourceQuality "1"]

1. d4 d5 2. c4 c6 3. Nc3 Nf6 4. e3 e6 5. Nf3 Nbd7 6. Bd3 dxc4 7. Bxc4 b5 8. Bd3 Bb7 9. 0-0 b4 10. Na4 c5 11. Re1 Be7 12. e4 cxd4 13. e5 Nd5 14. Nxd4 a6 15. Qg4 Kf8 16. Bd2 h5 17. Qf3 Kg8 18. a3 Bg5 19. Bg6 fxg6 20. Nxe6 Bxd2 21. Nxd8 Rxd8 22. Red1 Nxe5 23. Qe4 Nc3 24. Qxe5 Nxd1 25. Rxd1 Kh7 26. Qc7 Be4 27. Nc5 Bf5 28. axb4 Rhe8 29. h3 Rd4 30. Qf7 Re2 31. Nb3 Rd7 32. Qxd7 Bxd7 33. Rxd2 Re1+ 34. Kh2 Bb5 35. Nd4 Re5 36. h4 Rd5 37. f4 Kg8 38. Kg3 Kf7 39. Kf3 Rd8 40. Ke4 Kf6 41. g3 Re8+ 42. Kd5 Rd8+ 43. Kc5 Rc8+ 44. Kb6 Rd8 45. b3 Rd7 46. Kc5 Rc7+ 47. Kd5 Rd7+ 48. Ke4 Re7+ 49. Kf3 Rd7 50. Ke3 Re7+ 51. Kf2 Rd7 52. Nf3 Rxd2+ 53. Nxd2 Kf5 54. Nf3 Ke4 55. Ne5 Be8 56. Ke2 Kd4 57. Kd2 Ke4 1/2-1/2

[Event "Odessa Pivdenny Bank"]
[Site "Odessa"]
[Date "2007.07.04"]
[Round "1"]
[White "Tukmakov, Vladimir B"]
[Black "Bacrot, Etienne"]
[Result "1-0"]
[WhiteElo "2551"]
[BlackElo "2709"]
[PlyCount "75"]
[EventDate "2007.07.04"]
[EventType "tourn (rapid)"]
[EventRounds "9"]
[EventCountry "UKR"]
[EventCategory "17"]
[SourceTitle "CBM 119"]
[Source "ChessBase"]
[SourceDate "2007.08.01"]
[SourceVersion "1"]
[SourceVersionDate "2007.08.01"]
[SourceQuality "1"]

1. d4 d5 2. c4 c6 3. Nc3 Nf6 4. Nf3 e6 5. e3 a6 6. b3 Bb4 7. Bd2 0-0 8. Bd3 Nbd7 9. 0-0 Qe7 10. Qc2 e5 11. dxe5 Nxe5 12. Nxe5 Qxe5 13. Nxd5 Nxd5 14. cxd5 Bxd2 15. Qxd2 Qxd5 16. Qc2 Qh5 17. Bc4 Bd7 18. Rfd1 Rad8 19. Rd4 Bg4 20. Qd2 Qg5 21. Bf1 Rxd4 22. Qxd4 Rd8 23. Qb4 Bc8 24. Rc1 h6 25. Be2 Qd5 26. Bf3 Qd2 27. Qa3 Qd6 28. Qa5 Qd2 29. Qa3 Qd6 30. Qa5 Be6 31. h3 Qe7 32. Rd1 Rxd1+ 33. Bxd1 Bd5 34. Qd2 Qg5 35. f4 Qf6 36. Bc2 Qa1+ 37. Kh2 Qxa2 38. Bh7+ 1-0

[Event "Amsterdam ACT op 3rd"]
[Site "Amsterdam"]
[Date "2006.07.23"]
[Round "9"]
[White "Vazquez Igarza, Renier"]
[Black "Tukmakov, Vladimir B"]
[Result "1-0"]
[WhiteElo "2517"]
[BlackElo "2560"]
[PlyCount "79"]
[EventDate "2006.07.15"]
[EventType "swiss"]
[EventRounds "9"]
[EventCountry "NED"]
[SourceTitle "CBM 113 Extra"]
[Source "ChessBase"]
[SourceDate "2006.09.14"]
[SourceVersion "1"]
[SourceVersionDate "2006.09.14"]
[SourceQuality "1"]

1. d4 Nf6 2. Nf3 g6 3. g3 Bg7 4. Bg2 0-0 5. 0-0 d5 6. c4 dxc4 7. Qc2 Nc6 8. Qxc4 Be6 9. Qa4 Nd5 10. Qd1 Nb6 11. e3 Qc8 12. b3 Bg4 13. Bb2 e5 14. d5 Rd8 15. e4 f5 16. h3 Bh5 17. Qe1 Bxf3 18. Bxf3 Nd4 19. Bxd4 exd4 20. Nd2 Re8 21. Qd1 Qd7 22. Rc1 fxe4 23. Nxe4 Nxd5 24. Nc5 Qf5 25. Bg4 Qf7 26. Re1 Nc3 27. Qd2 Kh8 28. Ne6 h5 29. Ng5 Qf6 30. Be6 Rf8 31. h4 b5 32. f4 Rae8 33. Qd3 Re7 34. Re5 c5 35. Rce1 Rfe8 36. Kg2 Bh6 37. Qf3 c4 38. Bf7 Rxe5 39. Rxe5 Rf8 40. Re6 1-0

[Event "Amsterdam ACT op 3rd"]
[Site "Amsterdam"]
[Date "2006.07.20"]
[Round "6"]
[White "Tukmakov, Vladimir B"]
[Black "Hunt, Adam"]
[Result "1/2-1/2"]
[WhiteElo "2560"]
[BlackElo "2457"]
[PlyCount "102"]
[EventDate "2006.07.15"]
[EventType "swiss"]
[EventRounds "9"]
[EventCountry "NED"]
[SourceTitle "CBM 113 Extra"]
[Source "ChessBase"]
[SourceDate "2006.09.14"]
[SourceVersion "1"]
[SourceVersionDate "2006.09.14"]
[SourceQuality "1"]

1. d4 Nf6 2. c4 g6 3. Nf3 Bg7 4. g3 0-0 5. Bg2 d6 6. 0-0 Nbd7 7. Nc3 e5 8. h3 a6 9. dxe5 dxe5 10. Be3 Qe7 11. Qb3 Re8 12. Nd5 Nxd5 13. cxd5 Nf6 14. Nd2 Rb8 15. Nc4 Bf8 16. Rac1 Qb4 17. Qxb4 Bxb4 18. a3 Bf8 19. Rfd1 b5 20. Na5 Bd6 21. Ba7 Ra8 22. Bc5 Rd8 23. f4 exf4 24. Bxd6 cxd6 25. gxf4 Bf5 26. Rc6 Rd7 27. Nb3 Re8 28. Nd4 Be4 29. Rxa6 Bxg2 30. Kxg2 Nxd5 31. Kg3 Re3+ 32. Nf3 Nf6 33. Kf2 Rb3 34. Kf1 Ne4 35. Nd2 Nxd2+ 36. Rxd2 Rxh3 37. Raxd6 Rxd6 38. Rxd6 Rb3 39. Rd2 h5 40. Kf2 Kg7 41. e3 Kf6 42. Kf3 Ke6 43. Ke4 f5+ 44. Kf3 Kf6 45. Rd6+ Kg7 46. Rd7+ Kh6 47. Rd2 Kg7 48. Rd7+ Kf6 49. Rd6+ Kf7 50. Rd7+ Ke6 51. Rd2 Kf6 1/2-1/2

[Event "Amsterdam ACT op 3rd"]
[Site "Amsterdam"]
[Date "2006.07.19"]
[Round "5"]
[White "Ferguson, Mark"]
[Black "Tukmakov, Vladimir B"]
[Result "0-1"]
[WhiteElo "2389"]
[BlackElo "2560"]
[PlyCount "92"]
[EventDate "2006.07.15"]
[EventType "swiss"]
[EventRounds "9"]
[EventCountry "NED"]
[SourceTitle "CBM 113 Extra"]
[Source "ChessBase"]
[SourceDate "2006.09.14"]
[SourceVersion "1"]
[SourceVersionDate "2006.09.14"]
[SourceQuality "1"]

1. e4 c5 2. Nf3 d6 3. Bc4 Nf6 4. d3 Nc6 5. c3 g6 6. Bb3 Bg7 7. 0-0 0-0 8. h3 b5 9. Re1 a5 10. a3 a4 11. Bc2 Nd7 12. d4 Na5 13. Nbd2 Bb7 14. Nf1 e5 15. Bg5 Qc7 16. dxe5 dxe5 17. Ne3 Nb6 18. Qe2 f6 19. Bh4 c4 20. Bg3 Nb3 21. Rad1 Qe7 22. Ng4 Rfd8 23. Qe3 Qe6 24. Nh6+ Kh8 25. h4 Nd7 26. h5 Bf8 27. Nh4 Kg7 28. Bxb3 axb3 29. Kh2 Nc5 30. hxg6 hxg6 31. f3 Rd3 32. Rxd3 Nxd3 33. Ng4 g5 34. Nf5+ Kg6 35. Bf2 Nxb2 36. Kg3 Nd3 37. Rh1 b2 38. Qe2 Rxa3 39. Rb1 Rb3 40. Qd1 Rxc3 41. Qh1 Qg8 42. Rxb2 Nxb2 43. Bc5 Bxe4 44. Ne7+ Bxe7 45. Qh6+ Kf7 46. Bxe7 Qg7 0-1

[Event "Amsterdam ACT op 3rd"]
[Site "Amsterdam"]
[Date "2006.07.17"]
[Round "3"]
[White "Timman, Ton"]
[Black "Tukmakov, Vladimir B"]
[Result "0-1"]
[WhiteElo "2260"]
[BlackElo "2560"]
[PlyCount "60"]
[EventDate "2006.07.15"]
[EventType "swiss"]
[EventRounds "9"]
[EventCountry "NED"]
[SourceTitle "CBM 113 Extra"]
[Source "ChessBase"]
[SourceDate "2006.09.14"]
[SourceVersion "1"]
[SourceVersionDate "2006.09.14"]
[SourceQuality "1"]

1. e4 c5 2. Nf3 d6 3. d4 cxd4 4. Nxd4 Nf6 5. Nc3 a6 6. Be3 e6 7. g4 h6 8. f4 Nc6 9. Nxc6 bxc6 10. Qf3 Rb8 11. 0-0-0 Qa5 12. Bc4 Be7 13. h4 h5 14. g5 Ng4 15. Bd4 0-0 16. f5 exf5 17. exf5 Qxf5 18. Qxf5 Bxf5 19. Rde1 Rfe8 20. Bxa6 d5 21. Rhf1 Bg6 22. Re2 Bd6 23. Rxe8+ Rxe8 24. Bb7 c5 25. Bg1 d4 26. Nb5 Bg3 27. Bf3 Bxh4 28. a4 Bxg5+ 29. Kd1 d3 30. c4 Ne5 0-1

[Event "Amsterdam ACT op 3rd"]
[Site "Amsterdam"]
[Date "2006.07.15"]
[Round "1"]
[White "Schoorl, Rob"]
[Black "Tukmakov, Vladimir B"]
[Result "1-0"]
[WhiteElo "2289"]
[BlackElo "2560"]
[PlyCount "87"]
[EventDate "2006.07.15"]
[EventType "swiss"]
[EventRounds "9"]
[EventCountry "NED"]
[SourceTitle "CBM 113 Extra"]
[Source "ChessBase"]
[SourceDate "2006.09.14"]
[SourceVersion "1"]
[SourceVersionDate "2006.09.14"]
[SourceQuality "1"]

1. e4 e6 2. d4 d5 3. Nd2 c5 4. exd5 Qxd5 5. Ngf3 cxd4 6. Bc4 Qd6 7. Qe2 Nf6 8. Nb3 Nc6 9. Bg5 a6 10. 0-0-0 b5 11. Bd3 Bd7 12. Kb1 Be7 13. Rhe1 Rc8 14. h3 Nd5 15. Bxe7 Qxe7 16. Be4 Nf6 17. Nfxd4 0-0 18. Bf3 Nxd4 19. Nxd4 Rc5 20. g4 Rfc8 21. Rd2 Qf8 22. h4 Be8 23. g5 Nd7 24. Be4 Nb6 25. f4 Nc4 26. Rdd1 R5c7 27. h5 Rd8 28. g6 Rcd7 29. c3 Rd6 30. gxh7+ Kh8 31. Rg1 f5 32. Bd3 Qf6 33. Bxc4 bxc4 34. Rde1 Bf7 35. Qxc4 Kxh7 36. Qe2 R8d7 37. Rg5 Rxd4 38. cxd4 Qxd4 39. Reg1 e5 40. Rxg7+ Kh8 41. h6 Qxf4 42. Qxa6 Qe4+ 43. Ka1 Qd5 44. Rg8+ 1-0

[Event "Geller Memorial"]
[Site "Odessa"]
[Date "2006.07.04"]
[Round "9"]
[White "Bogdanovich, Stanislav"]
[Black "Tukmakov, Vladimir B"]
[Result "0-1"]
[WhiteElo "2190"]
[BlackElo "2560"]
[PlyCount "59"]
[EventDate "2006.07.02"]
[EventType "tourn (rapid)"]
[EventRounds "9"]
[EventCountry "UKR"]
[EventCategory "12"]
[SourceTitle "CBM 113 Extra"]
[Source "ChessBase"]
[SourceDate "2006.09.14"]
[SourceVersion "1"]
[SourceVersionDate "2006.09.14"]
[SourceQuality "1"]

1. d4 d5 2. c4 c6 3. Nc3 Nf6 4. e3 a6 5. Nf3 Bg4 6. b3 Bxf3 7. Qxf3 e5 8. cxd5 Bb4 9. Bd2 exd4 10. exd4 0-0 11. Be2 Bxc3 12. Bxc3 Nxd5 13. 0-0 Nd7 14. Bc4 N7f6 15. Rad1 Nxc3 16. Qxc3 Qd6 17. Rfe1 Rad8 18. h3 Rd7 19. Qe3 Rfd8 20. Rd2 h6 21. f3 c5 22. Red1 cxd4 23. Qf2 g6 24. Re1 b5 25. Bf1 Kg7 26. Red1 Nh5 27. Qh4 Qe5 28. Re1 Qc5 29. Qf2 Nf4 30. Red1 0-1

[Event "Geller Memorial"]
[Site "Odessa"]
[Date "2006.07.03"]
[Round "4"]
[White "Tukmakov, Vladimir B"]
[Black "Kortschnoj, Viktor Lvovich"]
[Result "1/2-1/2"]
[WhiteElo "2560"]
[BlackElo "2607"]
[PlyCount "85"]
[EventDate "2006.07.02"]
[EventType "tourn (rapid)"]
[EventRounds "9"]
[EventCountry "UKR"]
[EventCategory "12"]
[SourceTitle "CBM 113 Extra"]
[Source "ChessBase"]
[SourceDate "2006.09.14"]
[SourceVersion "1"]
[SourceVersionDate "2006.09.14"]
[SourceQuality "1"]

1. d4 Nf6 2. c4 e6 3. e3 Bb4+ 4. Bd2 c5 5. Bxb4 cxb4 6. g3 d6 7. Bg2 0-0 8. Ne2 e5 9. 0-0 Nc6 10. a3 Qb6 11. axb4 Nxb4 12. Nbc3 Be6 13. c5 dxc5 14. Na4 Qc7 15. Nxc5 Bd5 16. e4 Bc6 17. Qb3 a5 18. Rac1 Qe7 19. dxe5 Qxe5 20. f4 Qe8 21. Nd4 Rd8 22. Nxc6 bxc6 23. e5 Nfd5 24. Nb7 Ra8 25. Nd6 Qe7 26. Rfe1 a4 27. Qa3 Qa7+ 28. Kh1 Rab8 29. f5 Qd4 30. Rcd1 Qf2 31. Rf1 Qc5 32. Ne4 Qe7 33. f6 Qxe5 34. fxg7 Kxg7 35. Nc5 Qe7 36. Nxa4 Qe3 37. Nc3 Ra8 38. Qb3 Nd3 39. Qc2 N5b4 40. Qd2 Rae8 41. Bxc6 Qxd2 42. Rxd2 Nxc6 43. Rxd3 1/2-1/2

[Event "Lausanne"]
[Site "Lausanne"]
[Date "2005.09.16"]
[Round "4"]
[White "Tukmakov, Vladimir B"]
[Black "Gheorghiu, Florin"]
[Result "1/2-1/2"]
[WhiteElo "2559"]
[BlackElo "2394"]
[PlyCount "122"]
[EventDate "2005.09.14"]
[EventType "tourn"]
[EventRounds "9"]
[EventCountry "SUI"]
[EventCategory "5"]
[SourceTitle "CBM 108 Extra"]
[Source "ChessBase"]
[SourceDate "2005.11.04"]
[SourceVersion "1"]
[SourceVersionDate "2005.11.04"]
[SourceQuality "1"]

1. d4 Nf6 2. Nf3 c5 3. d5 g6 4. Nc3 d6 5. e4 Bg4 6. h3 Bxf3 7. Qxf3 Bg7 8. Be2 Nbd7 9. 0-0 0-0 10. Qg3 a6 11. a4 Qc7 12. a5 Rae8 13. Bf4 e5 14. Bd2 Kh8 15. Qd3 Ng8 16. Rfb1 f5 17. Bf3 Bh6 18. Be1 fxe4 19. Nxe4 Ngf6 20. Ra4 Nxe4 21. Bxe4 Nf6 22. Rc4 Nxe4 23. Rxe4 Rf4 24. g3 Rxe4 25. Qxe4 Qd7 26. b4 cxb4 27. Rxb4 Re7 28. Rb6 Rf7 29. c4 Bf8 30. Bb4 Kg8 31. Kg2 Be7 32. Qg4 Rf5 33. Qe4 Bf8 34. Ba3 Rf7 35. Qg4 Qa4 36. Bb4 Qc2 37. Be1 Qd3 38. Rb2 e4 39. Qe6 Kg7 40. Qg4 Qxc4 41. Rb4 Qxd5 42. Bc3+ Kg8 43. Qxe4 Qxe4+ 44. Rxe4 Rd7 45. Bb4 Bg7 46. Kf3 d5 47. Re8+ Kf7 48. Rc8 Bd4 49. Ke2 Ke6 50. f4 Kf7 51. Kd3 Bf6 52. g4 Bg7 53. Bc5 h5 54. Bd4 hxg4 55. hxg4 Bf8 56. f5 gxf5 57. gxf5 Bg7 58. Bxg7 Kxg7 59. Kd4 Kf6 60. Rf8+ Ke7 61. Rh8 Kf6 1/2-1/2

[Event "Lenk op"]
[Site "Lenk"]
[Date "2005.04.27"]
[Round "6"]
[White "Gallagher, Joseph G"]
[Black "Tukmakov, Vladimir B"]
[Result "1/2-1/2"]
[WhiteElo "2535"]
[BlackElo "2558"]
[PlyCount "109"]
[EventDate "2005.04.24"]
[EventType "swiss"]
[EventRounds "7"]
[EventCountry "SUI"]
[SourceTitle "CBM 105 Extra"]
[Source "ChessBase"]
[SourceDate "2005.05.01"]
[SourceVersion "1"]
[SourceVersionDate "2005.05.01"]
[SourceQuality "1"]

1. e4 d5 2. exd5 Qxd5 3. Nc3 Qd6 4. d4 Nf6 5. Nf3 a6 6. Bd3 g6 7. Be3 Nc6 8. Qd2 Nb4 9. Be2 Nbd5 10. Nxd5 Nxd5 11. Bg5 Bg7 12. c4 h6 13. Bh4 Nf6 14. Bg3 Qd8 15. Be5 b6 16. Qf4 g5 17. Qe3 Bb7 18. h3 Qd7 19. Bh2 0-0-0 20. 0-0 Ne4 21. d5 f5 22. Ne5 Bxe5 23. Bxe5 Rhf8 24. f3 Nf6 25. Bc3 Rde8 26. Rad1 e5 27. dxe6 Rxe6 28. Qf2 Qe7 29. Bd3 Nh5 30. Rfe1 Nf4 31. Bf1 g4 32. Qd2 Ng6 33. hxg4 fxg4 34. fxg4 Nf4 35. g3 Qc5+ 36. Kh2 Rd6 37. Bd4 Qc6 38. gxf4 Qh1+ 39. Kg3 Qf3+ 40. Kh2 Qh1+ 41. Kg3 Qf3+ 42. Kh2 Rxf4 43. Bg2 Rfxd4 44. Bxf3 Rxd2+ 45. Rxd2 Rxd2+ 46. Re2 Rd4 47. Bxb7+ Kxb7 48. Kg3 Rxc4 49. Re6 Rc2 50. Rxh6 Rxb2 51. g5 Rxa2 52. g6 Ra1 53. Kg2 Ra2+ 54. Kg3 Ra1 55. Kg2 1/2-1/2

[Event "Lenk op"]
[Site "Lenk"]
[Date "2005.04.26"]
[Round "4"]
[White "Berend, Fred"]
[Black "Tukmakov, Vladimir B"]
[Result "1/2-1/2"]
[WhiteElo "2365"]
[BlackElo "2558"]
[PlyCount "187"]
[EventDate "2005.04.24"]
[EventType "swiss"]
[EventRounds "7"]
[EventCountry "SUI"]
[SourceTitle "CBM 105 Extra"]
[Source "ChessBase"]
[SourceDate "2005.05.01"]
[SourceVersion "1"]
[SourceVersionDate "2005.05.01"]
[SourceQuality "1"]

1. e4 e6 2. d4 d5 3. Nd2 c5 4. exd5 Qxd5 5. Ngf3 cxd4 6. Bc4 Qd6 7. 0-0 Nf6 8. Nb3 Nc6 9. Nbxd4 Nxd4 10. Qxd4 Qxd4 11. Nxd4 Bd7 12. Bf4 Rc8 13. Bb3 Bc5 14. Rad1 0-0 15. c3 Rfd8 16. h3 b5 17. a3 a5 18. Be3 Ne4 19. Bc2 Nf6 20. Bb3 a4 21. Ba2 Ne4 22. Nc2 Be8 23. Rfe1 Bxe3 24. Nxe3 Kf8 25. f3 Nc5 26. Rxd8 Rxd8 27. Rd1 Rxd1+ 28. Nxd1 Ke7 29. Kf2 f5 30. g3 g5 31. Bb1 Kf6 32. Ne3 h5 33. h4 gxh4 34. gxh4 f4 35. Ng2 e5 36. Ne1 Bg6 37. Bxg6 Kxg6 38. Ke2 Kf5 39. Nc2 Ke6 40. Nb4 Kd6 41. Kd2 e4 42. fxe4 Ke5 43. Nd3+ Nxd3 44. Kxd3 f3 45. Ke3 f2 46. Kxf2 Kxe4 47. Ke2 Kf4 48. Kd2 Kg4 49. b3 Kxh4 50. c4 Kg5 51. cxb5 h4 52. b6 h3 53. b7 h2 54. b8Q h1Q 55. Qb5+ Kf6 56. bxa4 Qh2+ 57. Kc3 Qg3+ 58. Kb4 Qe1+ 59. Kc5 Qe3+ 60. Kc6 Qxa3 61. a5 Qf3+ 62. Kc7 Qg3+ 63. Kb7 Qg7+ 64. Kb6 Qg1+ 65. Qc5 Qb1+ 66. Kc7 Qa2 67. Kb7 Kg7 68. a6 Qb3+ 69. Qb6 Qf3+ 70. Qc6 Qb3+ 71. Kc7 Qg3+ 72. Qd6 Qc3+ 73. Kd7 Qh3+ 74. Kd8 Qf3 75. Qd4+ Kf7 76. a7 Kg6 77. Qc5 Kh6 78. Kc7 Qf7+ 79. Kc6 Qf3+ 80. Kb6 Qb3+ 81. Qb5 Qe3+ 82. Kb7 Qe7+ 83. Kb6 Qe3+ 84. Qc5 Qb3+ 85. Kc6 Qf3+ 86. Kd7 Qg4+ 87. Kc7 Qg7+ 88. Kc8 Qg2 89. Kb8 Qb2+ 90. Kc7 Qg7+ 91. Kc8 Qg2 92. Qb6+ Kh5 93. Qa5+ Kh6 94. a8Q 1/2-1/2